Dame la palabra 1 : prácticas de lectura y escritura /

"Dame la palabra" contiene variados tipos textuales, organizados temáticamente con actividades secuenciadas para lograr el aprendizaje gradual de la lectura, la escritura y el reconocimiento y uso de diversos tipos de texto. Incluye numerosos portadores como cuento tradicional y de autor,...

Descripción completa

Guardado en:
Autor Principal: Campilongo, Flavia.
Otros Autores: Perrault, Charles., Roldán, Gustavo., Walsh, María Elena., Coloma, Luis., López, Mónica., Archanco, Pamela., Midón, Hugo., Hermanos Grimm., Basch, Adela., Repún, Graciela., Bornemann, Elsa., Schujer, Silvia., Sevilla, Fabián., Cinetto, Liliana., Fontaine, Jean de la., Castello, Liana., Nalé Roxlo, Conrado.
Formato: Libro
Idioma:Undetermined
Publicado: Buenos Aires : Tinta Fresca, 2011.
Edición:1a ed.
Materias:
Etiquetas: Agregar Etiqueta
Sin Etiquetas, Sea el primero en etiquetar este registro!
LEADER 04574nam a22004335a 4500
001 CEM.cems024690
008 250617s2011####ag############000#0#und#d
005 20250617145813.0
245 1 0 |a Dame la palabra 1 :  |b prácticas de lectura y escritura /  |c Flavia Campilongo. 
250 |a 1a ed. 
260 |a Buenos Aires :  |b Tinta Fresca,  |c 2011. 
300 |a 144 p. 
500 |a Edición especial para docentes. 
520 |a "Dame la palabra" contiene variados tipos textuales, organizados temáticamente con actividades secuenciadas para lograr el aprendizaje gradual de la lectura, la escritura y el reconocimiento y uso de diversos tipos de texto. Incluye numerosos portadores como cuento tradicional y de autor, invitación, nota, fábula, receta, adivinanzas, poemas, lista, texto informativo, canciones, historieta, diario de viaje, diario íntimo, cartas, notas de enciclopedia, refranes, leyendas. 
505 0 |a HISTORIAS CON ANIMALES -- 1. Historias con lobos -- Caperucita Roja / Charles Perrault -- Los nombres -- Nombres que riman -- El cuento del lobo -- Una nota para Caperucita -- ¿Lobo está? -- Adivinanzas en el bosque -- Cuidar el bosque -- El lobo que creyó que la luna era un queso -- En familia -- 2. Historias con sapos y ratones -- Noche de reyes a saltos / Gustavo Roldán -- ¡Qué desorden! -- Cosas de sapos -- Vamos al baile / María Elena Walsh -- Las invitaciones -- El ratón Pérez / Luis Coloma -- Ordenar la historia -- Querido Ratón Pérez -- El ratón Aronoldo / Mónica López -- Listas para no olvidar -- Ratón de campo, ratón de ciudad -- Campo y ciudad -- HISTORIAS EN EL MAR -- 3. Historias de viajes y piratas -- Historia con pirata y tesoro / Pamela Archanco -- Cómo son los cuentos -- Las partes del cuento -- Tesoros y más tesoros -- La ballena Elena / Douglas Wright -- Papeles que vuelan -- La canción del pirata -- Adivina, adivinador -- Armar un barco de papel -- Los seres vivos -- Una historia que se repite -- 4. Historias de marineros y de tierras lejanas -- Simbad, el marino -- Un diario de viaje -- Las vacaciones de Gaturro -- Noticias mojadas -- ¡Diario, diario! -- Quiero ser capitán / Hugo Midón -- Tantanes -- Historias en el puerto -- Las plantas -- HISTORIAS EN CASTILLOS -- 5. Historias de príncipes y princesas -- El príncipe sapo / Hermanos Grimm -- Cuentos por partes -- Castillo / Adela Basch -- Historias breves -- Historias para completar -- Cenicienta / Hermanos Grimm -- ¿Qué pasa si...? -- Historieta para completar -- ¡Cartero! -- Una semana ocupada -- Todos crecemos -- 6. Historias de caballeros y dragones -- El ingrediente secreto / Pamela Archanco -- El secreto -- Recetas -- El gallo y el dragón / Alicia Salvi -- Las leyendas -- Abran cancha que aquí viene Don Quijote de la Mancha / Adela Basch -- Dichos populares -- Cada uno es héroe como puede / Graciela Repún -- Los materiales -- Muchos objetos, muchos materiales -- HISTORIAS CON MAGIA -- 7. Historias con magos y brujas -- Los duendes de las narices largas / Elsa Bornemann -- El cuento en historieta -- Vamos a hacer magia / Silvia Schujer -- Magos por un rato -- ¡Abracadabra! / Fabián Sevilla -- Palabras mágicas -- Pócima para no envejecer -- La bruja Maruja / Liliana Cinetto -- El diario íntimo -- La mudanza de Maruja -- El barrio -- Lugares del barrio -- 8. Historias con gigantes y hadas -- El leñador honesto / Jean de la Fontaine -- Paso a paso -- Pócima para volar -- El gigante grandulón / Liana Castello -- Las enciclopedias -- Pócima equivocada -- Pedro Urdemales y el gigante / Gustavo Roldán -- Inventar personajes -- La biografía -- Mi biografía -- La escuela de las hadas / Conrado Nalé Roxlo -- Mi escuela 
020 |a 9789875765306 
100 1 |a Campilongo, Flavia. 
700 1 |a Perrault, Charles. 
700 1 |a Roldán, Gustavo. 
700 1 |a Walsh, María Elena. 
700 1 |a Coloma, Luis. 
700 1 |a López, Mónica. 
700 1 |a Archanco, Pamela. 
700 1 |a Midón, Hugo. 
700 1 |a Hermanos Grimm. 
700 1 |a Basch, Adela. 
700 1 |a Repún, Graciela. 
700 1 |a Bornemann, Elsa. 
700 1 |a Schujer, Silvia. 
700 1 |a Sevilla, Fabián. 
700 1 |a Cinetto, Liliana. 
700 1 |a Fontaine, Jean de la. 
700 1 |a Castello, Liana. 
700 1 |a Nalé Roxlo, Conrado. 
653 |a Prácticas del Lenguaje 
653 |a Educación primaria 
653 |a Libros de texto 
859 |a CEMS  |b BIB. CEMS - Inicial y Primaria  |h 468  |i C196  |k IP  |p 4523  |t Ej.1 
859 |a CEMS  |b BIB. CEMS - Inicial y Primaria  |h 468  |i C196  |k IP  |p 6954  |t Ej.2